| 000 | 01012nam a2200229 a 4500 | ||
|---|---|---|---|
| 001 | 62691 | ||
| 003 | BD-RjUL | ||
| 005 | 20211209081119.0 | ||
| 008 | 170125s1999 ii ||||| |||| 00| 0 ben d | ||
| 020 |
_a8126005505 _c: Tk. 50.00 |
||
| 035 | _a(BD-RjUL)62818 | ||
| 040 |
_aBD-RjUL _bben _cBD-RjUL |
||
| 041 | _aben | ||
| 082 |
_223 _a782.1095414 _bBAN 1999 |
||
| 245 | 0 | 0 |
_aবাংলা থিয়েটারের গান / _cসংকলন ও সম্পাদনা দেবজিত্ বন্দ্যোপাধ্যায় |
| 260 |
_aনতুন দিল্লী : _bসাহিত্য অকাদেমি, _c১৯৯৯ |
||
| 300 |
_a[১০], ১৭৬ পৃ. ; _c২৩ সেমি. |
||
| 650 |
_aনাটকীয় সঙ্গীত _zভারত _zবেঙ্গল _9186352 |
||
| 650 |
_aDramatic music _z India _zBengal. _9186353 |
||
| 700 |
_aবন্দ্যোপাধ্যায়, দেবজিত্, সম্পাদক _9186354 |
||
| 942 |
_2ddc _cBK |
||
| 999 |
_c62691 _d62691 |
||